书目信息 |
| 题名: |
超常增长
|
|
| 作者: | 史正富 著 | |
| 分册: | ||
| 出版信息: | 上海 上海人民出版社 2013 |
|
| 页数: | 212页 | |
| 开本: | 24cm | |
| 丛书名: | ||
| 单 册: | ||
| 中图分类: | F124.1 | |
| 科图分类: | ||
| 主题词: | 中国经济--经济增长--研究--1979-2049 , 中国经济 , 经济增长 | |
| 电子资源: | ||
| ISBN: | 978-7-208-11385-5 | |
| 000 | 01172nam0 2200265 450 | |
| 001 | 524 | |
| 005 | 20140908161718.43 | |
| 010 | @a978-7-208-11385-5@dCNY35.00 | |
| 100 | @a20130703d2013 em y0chiy50 ea | |
| 101 | 0 | @achi |
| 102 | @aCN@b310000 | |
| 105 | @ay z 001yy | |
| 106 | @ar | |
| 200 | 1 | @a超常增长@AChao Chang Zeng Chang@e1979-2049年的中国经济@E1979-2049 Nian De Zhong Guo Jing Ji@f史正富著@FShi Zheng Fu Zhu |
| 210 | @a上海@c上海人民出版社@d2013 | |
| 215 | @a212页@d24cm | |
| 330 | @a本书以1979-2049年的中国经济为研究对象,围绕基于超常投资力与超常购买力之上的超常增长,对中国过去30多年经济高增长与低波动进行了系统分析,认为中国经济超常增长的根本原因在于通过改革开放与自主创新,形成了独具特色的三维市场体制;此外,还研究预测了中国至21世纪中叶的经济高速增长趋势,提出了深化体制改革、打造国家发展战略基金、建立国家理财体系等建议和构想。 | |
| 517 | 1 | @a1979-2049年的中国经济@A1979-2049 Nian De Zhong Guo Jing Ji |
| 606 | 0 | @a中国经济@x经济增长@x研究@z1979-2049 |
| 606 | 0 | @a中国经济 |
| 606 | 0 | @a经济增长 |
| 690 | @aF124.1@v5 | |
| 701 | 0 | @a史正富@AShi Zheng Fu@f(1954~)@4著 |
| 801 | 0 | @aCN@bTANGWEI@c20140603 |
| 905 | @b0837799-801@dF124.1@e194@f3 | |
| 超常增长:1979-2049年的中国经济/史正富著.-上海:上海人民出版社,2013 |
| 212页;24cm |
| ISBN 978-7-208-11385-5:CNY35.00 |
| 本书以1979-2049年的中国经济为研究对象,围绕基于超常投资力与超常购买力之上的超常增长,对中国过去30多年经济高增长与低波动进行了系统分析,认为中国经济超常增长的根本原因在于通过改革开放与自主创新,形成了独具特色的三维市场体制;此外,还研究预测了中国至21世纪中叶的经济高速增长趋势,提出了深化体制改革、打造国家发展战略基金、建立国家理财体系等建议和构想。 |
| ● |
| 相关链接 |
|
|
|
|
正题名:超常增长
索取号:F124.1/194
 
预约/预借
| 序号 | 登录号 | 条形码 | 馆藏地/架位号 | 状态 | 备注 |
| 1 | 0837799 | 208377996 | 第一样本阅览室/ [索取号:F124.1/194] | 在馆 | |
| 2 | 0837800 | 208378003 | 第一借阅区/ [索取号:F124.1/194] | 在馆 | |
| 3 | 0837801 | 208378012 | 密集书库-海洋学院/ [索取号:F124.1/194] | 在馆 |